| 000 | 00933 a2200301 4500 | ||
|---|---|---|---|
| 001 | 200130959 | ||
| 650 | 0 |
_937623 _aCities and towns |
|
| 650 | 0 |
_aKentler ve kasabalar _957344 |
|
| 999 |
_c200130959 _d30211 |
||
| 003 | TR-AnTOB | ||
| 005 | 20240826144721.0 | ||
| 008 | 131204r20002002nyu 001 0 | ||
| 020 | _a0375400486 | ||
| 040 |
_aDLC _cDLC _dDLC _dTR-AnTOB |
||
| 041 | _aeng | ||
| 050 | 0 | 0 |
_aHT151 _b.R95 2002 |
| 090 | _aHT151 .R95 2002 | ||
| 100 | 1 |
_aRykwert, Joseph, _d1926- _994420 |
|
| 245 | 1 | 4 |
_aThe seduction of place : _bThe history and future of the city / _cJoseph Rykwert. |
| 264 | 1 |
_aNew York : _bVintage Books , _c2002. |
|
| 300 |
_axii, 301 pages : _billustration ; _c20 cm. |
||
| 504 | _aIncludes bibliographical references (page 287-301) and index. | ||
| 650 | 0 |
_aCity planning _911483 |
|
| 650 | 0 |
_aKent planlama _960852 |
|
| 650 | 0 |
_aArchitecture _963315 |
|
| 650 | 7 |
_aMimari _2etuturkob _954448 |
|
| 942 | _cBK | ||